[Event "Lublin op 4th"]
[Site "Lublin"]
[Date "2012.??.??"]
[Round "9"]
[White "Nowosad, Jan"]
[Black "Wroblewski, Mieczyslaw"]
[Result "1-0"]
[WhiteElo "1569"]
[BlackElo "1821"]
[PlyCount "45"]
[EventDate "2012.06.04"]
[EventType "swiss"]
[EventRounds "9"]
[EventCountry "POL"]
[SourceTitle "EXT 2014"]
[Source "ChessBase"]
[SourceDate "2013.11.20"]
[SourceVersion "1"]
[SourceVersionDate "2013.11.20"]
[SourceQuality "1"]

1. e4 c5 2. Nf3 d6 3. d4 cxd4 4. Nxd4 Nf6 5. Nc3 a6 6. Bg5 e6 7. f4 Nbd7 8. Qf3 Qc7 9. 0-0-0 b5 10. g4 b4 11. Nce2 Nxe4 12. Qxe4 Nb6 13. Bg2 Rb8 14. Qc6+ Qd7 15. Rhe1 Be7 16. Qxd7+ Bxd7 17. Bxe7 Kxe7 18. Ng3 Rhc8 19. Ndf5+ Kf8 20. Nxd6 Rc5 21. Rd2 a5 22. Nge4 Rc7 23. Ng5 1-0

[Event "Dabrowica Jastkow Memorial op 3rd"]
[Site "Dabrowica"]
[Date "2011.01.08"]
[Round "3.5"]
[White "Tober, Dariusz"]
[Black "Wroblewski, Mieczyslaw"]
[Result "1/2-1/2"]
[WhiteElo "1666"]
[BlackElo "1801"]
[PlyCount "130"]
[EventDate "2011.01.07"]
[EventType "swiss"]
[EventRounds "5"]
[EventCountry "POL"]
[SourceTitle "EXT 2023"]
[Source "ChessBase"]
[SourceDate "2022.10.05"]
[SourceVersion "1"]
[SourceVersionDate "2022.10.05"]
[SourceQuality "1"]

1. e4 c5 2. Nf3 d6 3. d4 cxd4 4. Nxd4 Nf6 5. Nc3 a6 6. Be2 e6 7. 0-0 Nbd7 8. Nb3 b5 9. a3 Bb7 10. f3 Qb6+ 11. Kh1 Be7 12. Qe1 Ne5 13. Qf2 Qxf2 14. Rxf2 Rc8 15. Na5 Ba8 16. Be3 Bd8 17. Nb3 0-0 18. Rd1 Be7 19. a4 Nc4 20. Bc1 b4 21. Nb1 d5 22. Bxc4 dxc4 23. Nd4 Rfd8 24. Rfd2 g6 25. c3 b3 26. Ne2 Bc6 27. Rxd8+ Rxd8 28. Rxd8+ Bxd8 29. Bg5 e5 30. Ng3 Bxa4 31. Nd2 Bb5 32. Ngf1 Kg7 33. Ne3 h6 34. Bh4 Nxe4 35. fxe4 Bxh4 36. Nexc4 Bg5 37. Kg1 f5 38. Kf2 fxe4 39. Ne3 Bd3 40. Nxb3 Kf7 41. Nc5 Ke7 42. g3 h5 43. h4 Bh6 44. b4 Kd6 45. Nb7+ Kc6 46. Nd8+ Kd7 47. Nf7 Bg7 48. Nd1 Bf6 49. Ke3 Ke6 50. Ng5+ Bxg5+ 51. hxg5 Kd5 52. Nf2 Bb5 53. Nd1 Ba4 54. Nf2 Bc2 55. Kd2 e3+ 56. Kxe3 Kc4 57. Kd2 Kb3 58. c4 Bf5 59. b5 axb5 60. cxb5 Kc4 61. b6 Bc8 62. Nd3 Kd4 63. Ke2 Bb7 64. Kd2 Ba6 65. Nb4 Bb7 1/2-1/2

[Event "POL-ch disabled"]
[Site "Rowy"]
[Date "2009.09.02"]
[Round "3.26"]
[White "Kanach, Jerzy"]
[Black "Wroblewski, Mieczyslaw"]
[Result "0-1"]
[WhiteElo "1466"]
[BlackElo "1830"]
[PlyCount "56"]
[EventDate "2009.09.01"]
[EventType "swiss"]
[EventRounds "9"]
[EventCountry "POL"]
[SourceTitle "EXT 2023"]
[Source "ChessBase"]
[SourceDate "2022.10.05"]
[SourceVersion "1"]
[SourceVersionDate "2022.10.05"]
[SourceQuality "1"]

1. e4 c5 2. Nc3 d6 3. Nf3 Nf6 4. Be2 e6 5. 0-0 a6 6. a4 Be7 7. d4 cxd4 8. Nxd4 0-0 9. Be3 Nc6 10. Nf3 Qc7 11. Bg5 h6 12. Bh4 Rd8 13. Bd3 Qb6 14. Ra3 Na5 15. Ra2 Bd7 16. e5 dxe5 17. Nxe5 Be8 18. Qf3 Qd4 19. Bg3 Nc6 20. Re1 Bd6 21. Qe3 Qxe3 22. Rxe3 Bxe5 23. Bxe5 Ng4 24. Bf4 Nxe3 25. Bxe3 Nb4 26. Ra3 Nxd3 27. cxd3 Rxd3 28. b4 Rc8 0-1

[Event "Wisla op"]
[Site "Wisla"]
[Date "2009.05.11"]
[Round "10"]
[White "Flazinski, Jozef"]
[Black "Wroblewski, Mieczyslaw"]
[Result "1-0"]
[WhiteElo "2009"]
[BlackElo "1830"]
[PlyCount "51"]
[EventDate "2009.05.04"]
[EventType "swiss"]
[EventRounds "11"]
[EventCountry "POL"]
[SourceTitle "EXT 2012"]
[Source "ChessBase"]
[SourceDate "2011.11.24"]
[SourceVersion "1"]
[SourceVersionDate "2011.11.24"]
[SourceQuality "1"]

1. e4 c5 2. Nf3 d6 3. c3 Nf6 4. Bc4 Nxe4 5. Qa4+ Bd7 6. Bxf7+ Kxf7 7. Qxe4 Qc8 8. 0-0 Bf5 9. Qf4 e5 10. Qc4+ Ke8 11. Ng5 Qd7 12. d4 d5 13. Qe2 e4 14. f3 Qc6 15. fxe4 Bxe4 16. Nd2 Be7 17. Ndxe4 dxe4 18. Nxe4 Nd7 19. Bg5 Rf8 20. Bxe7 Kxe7 21. Nxc5+ Kd6 22. Rxf8 Rxf8 23. Re1 Rd8 24. Nxd7 Qxd7 25. Qe5+ Kc6 26. Qc5# 1-0

[Event "Pilzno Omega Cup 5th"]
[Site "Pilzno"]
[Date "2009.05.02"]
[Round "5.7"]
[White "Wroblewski, Mieczyslaw"]
[Black "Szelag, Jozef"]
[Result "1-0"]
[WhiteElo "1891"]
[BlackElo "1736"]
[PlyCount "91"]
[EventDate "2009.04.30"]
[EventType "swiss"]
[EventRounds "7"]
[EventCountry "POL"]
[SourceTitle "EXT 2023"]
[Source "ChessBase"]
[SourceDate "2022.10.05"]
[SourceVersion "1"]
[SourceVersionDate "2022.10.05"]
[SourceQuality "1"]

1. e4 e5 2. Nf3 Nc6 3. Bb5 a6 4. Ba4 Nf6 5. 0-0 b5 6. Bb3 Be7 7. Re1 d6 8. c3 0-0 9. h3 Bb7 10. d4 exd4 11. cxd4 h6 12. Nbd2 Re8 13. Nf1 d5 14. e5 Ne4 15. Bd2 Nb4 16. Bc3 a5 17. a3 Nc6 18. Ne3 b4 19. axb4 Nxb4 20. Ba4 Rf8 21. Bc2 Nxc3 22. bxc3 Nxc2 23. Qxc2 c5 24. Reb1 Bc6 25. dxc5 Bxc5 26. Nd4 Be8 27. Qb3 a4 28. Qxd5 Qxd5 29. Nxd5 Bxd4 30. cxd4 Bd7 31. Nb6 Rad8 32. Nxd7 Rxd7 33. Rxa4 g5 34. f3 h5 35. Kf2 h4 36. Ke3 Kg7 37. Ra6 Rfd8 38. Rd1 Rb8 39. Rd2 Rb3+ 40. Ke4 Rdb7 41. Ra5 Rb2 42. Ra2 R2b6 43. Kf5 Kh6 44. d5 Rb4 45. e6 Rf4+ 46. Ke5 1-0